00529 a2200169 450000100060000002000150000604000220002110000370004324000360008024500310011630000070014736200090015465000590016394200070022295201130022999900170034261541 a857263066x cAnchieta - Pituba aFerreira, Edson Alberto Carvalho10aVestibulares resolvidos 94lpor10aVestibulares resolvidos 94 a710 a1994 4a. Vestibulares / Exames de admissão em universidades cBK 00104070a91.1b91.1d2023-11-21l0o378.161 F383v FER VESp13617/PITr2023-11-21 18:29:42w2023-11-21yBK c61541d61541